Introduction to forestry economics

Bibliographic Details
Main Author: Pearse, Peter H.
Corporate Author: ProQuest (Firm)
Format: Electronic eBook
Language:English
Published: Vancouver : University of British Columbia Press, 1990.
Subjects:
Online Access:Click to View
LEADER 01274nam a2200349Ia 4500
001 EBC3412255
003 MiAaPQ
005 20200520144314.0
006 m o d |
007 cr cn|||||||||
008 891024s1990 bcca sb 001 0 eng d
016 |z 890916179 
020 |z 0774803363 
035 |a (MiAaPQ)EBC3412255 
035 |a (Au-PeEL)EBL3412255 
035 |a (CaPaEBR)ebr10141395 
035 |a (CaONFJC)MIL322568 
035 |a (OCoLC)748214607 
040 |a MiAaPQ  |c MiAaPQ  |d MiAaPQ 
050 4 |a SD393  |b P43 1990 
082 0 4 |a 338.1/7498  |2 19 
100 1 |a Pearse, Peter H. 
245 1 0 |a Introduction to forestry economics  |h [electronic resource] /  |c Peter H. Pearse. 
260 |a Vancouver :  |b University of British Columbia Press,  |c 1990. 
300 |a xvi, 226 p. :  |b ill. 
504 |a Includes bibliographical references and index. 
533 |a Electronic reproduction. Ann Arbor, MI : ProQuest, 2015. Available via World Wide Web. Access may be limited to ProQuest affiliated libraries. 
650 0 |a Forests and forestry  |x Economic aspects. 
650 0 |a Agriculture  |x Economic aspects. 
655 4 |a Electronic books. 
710 2 |a ProQuest (Firm) 
856 4 0 |u https://ebookcentral.proquest.com/lib/matrademy/detail.action?docID=3412255  |z Click to View